Представление документа в формате RUSMARC

ПолеНазваниеЗначение
  Тип записи a
  Библиографический уровень m
001 Контрольный номер RU/SLIB/B/208751966
005 Дата корректировки 20231102164950.7
010 Индекс ISBN __
d Цена 2-00
101 Язык документа 0_
a Язык текста rus
200 Заглавие и сведения об ответственности 1_
a Заглавие Владимир. Боголюбово. Суздаль. Юрьев-Польский
b Общее обозначение материала Текст
205 Сведения об издании __
a Основные сведения об издании 5-е изд., доп.
210 Выходные данные 1_
a Место издания М.
c Издательство Искусство
d Дата издания 1983
215 Физическое описание __
a Объем 295 с.
c Иллюстрации/тип воспроизводства ил.
225 Серия 2_
a Серия Спутник по древним городам Владимирской земли
606 Тематические рубрики __
a Основная рубрика Изобразительное искусство и архитектура
y Географическая подрубрика Россия; СССР; Владимир; Боголюбово; Суздаль; Юрьев-Польский
606 Тематические рубрики __
a Основная рубрика История архитектуры
606 Тематические рубрики __
a Основная рубрика История
606 Тематические рубрики __
a Основная рубрика История России в целом
610 Ключевые слова 0_
a Ключевые слова города; архитектурные памятники; достопримечательности; памятники архитектуры
686 Индексы других классификаций __
a Классификационный индекс 85.113(2)
686 Индексы других классификаций __
a Классификационный индекс 63.3(2)л6; ст85.113(2) + ст63.3(2)л6
700 Автор _1
a Фамилия Воронин
b Имя Н. Н.
4 Код отношения 070
801 Источник записи _0
a Страна RU
b Организация Муниципальное бюджетное учреждение культуры "Централизованная библиотечная система" г. Сургут (Центральная городская библиотека им. А. С. Пушкина)
g Правила каталогизации КиК/Михайлова
801 Источник записи _1
a Страна RU
b Организация Муниципальное бюджетное учреждение культуры "Централизованная библиотечная система" г. Сургут (Центральная городская библиотека им. А. С. Пушкина)
g Правила каталогизации КиК/Михайлова
852 Данные о местонахождении __
j Шифр хранения 85.113(2)
c Каталожный индекс 85.113(2)1; 63.3(2)л6
i Авторский знак В 75
p Инвентарный номер 15689
901 Тип документа __
t Тип документа m
903 Характеристики (МАРС) __
a Дата передачи 20081230
990 Данные о заказе (DOS) __
j Количество экземпляров (DOS) 2
t N записи в КСУ для И/У (DOS) 199101